00689cam a2200193 4500008004100000020001500041035001200056100003700068245007500105250001200180260004400192300003700236504004100273506001300314650004100327650006400368650003100432700003200463051010s19981965ilu 000 0 eng u a0256168784 aa4495401 aAnthony, Robert Newton, d 1916-10aManagement control systems / c Robert N. Anthony, Vijay Govindarajan. a9a. ed. aBoston : b Irwin McGraw-Hill, c 1998. axx, 869 p. : b ils. ; c 24 cm. aIOncluye bibliografías e índice. aPIFI 3.1 7aAdministración industrial 2 lemb. 7aAdministración industrial xGestión industrial 2 lemb. 7aControl de costos 2 lemb.1 aGovindarajan, Vijay, coaut.